000 01508nam0a2200385 4500
001 RU\NLR\bibl\1827941
005 20260406095440.0
010 _a978-5-7475-0133-1
021 _aRU
_b2011-2746и
_9372и
021 _aRU
_b2012-50и
_918и
035 _a(NLR Aleph) 001818461
090 _a1971686
_c1971686
100 _a20111101d2011 u y0rusy50 ca
101 0 _arus
102 _aRU
105 _aac |||||||||
200 1 _aШкола А.Г. Венецианова
_f[авт. текста: И. Кравченко]
210 _aМосква
_cДирект-Медиа
_cКомсомольская правда
_d2011
215 _a48 с.
_cцв. ил., портр.
_d32
225 1 _aВеликие художники
_vт. 98
300 _aЗагл. обл.: Дейнека
300 _aАвт. указан на обороте тит. л.
512 1 _aДейнека
600 1 _aВенецианов
_bА.Г.
_f1780 - 1847
_gАлексей Гаврилович
_91062473
_3RU\NLR\auth\66412484
606 1 _aЖивопись русская
_z19 в.
_9919991
_3RU\NLR\auth\6618129
686 _aЩ143(2Р=Рус)5-8Венецианов
686 _aЩ143(2Р=Рус)5
700 1 _aКравченко
_bИ.
_4070
702 1 _4070
_7ca
_8rus
_aВенецианов
_bА. Г.
_f1780-1847
_gАлексей Гаврилович
_3RU\NLR\AUTH\770287869
_92690371
801 0 _aRU
_bNLR
_c20111101
_gRCR
801 1 _aRU
_bNLR
_c20111101
942 _cBOOK
980 _aNB
980 _aNBR